| 000 | 00356nam a2200133Ia 4500 | ||
|---|---|---|---|
| 008 | 231129s1972||||xx |||||||||||||| ||spa|| | ||
| 040 | _bspa | ||
| 082 | _a[EN PROCESO DE DESCARTE] 152.5 C674 | ||
| 100 | _aCofer C.N. | ||
| 245 | 0 | _aPsicologia de la motivacion : teoria e investigacion | |
| 260 | _c1972 | ||
| 264 | _aMéxico: Trillas | ||
| 942 |
_2ddc _cBKS |
||
| 999 |
_c23457 _d23457 |
||